| 000 | 00406nam a22001697a 4500 | ||
|---|---|---|---|
| 005 | 20180412110733.0 | ||
| 008 | 160623b xxu||||| |||| 00| 0 eng d | ||
| 020 | _a978-81-7733-501-9 | ||
| 041 | _aeng | ||
| 082 |
_b9263 _a346.04 |
||
| 100 |
_aAhuja, Dr Girish and Gupta Dr. Ravi _92542 |
||
| 245 | _aDirect Taxes | ||
| 260 |
_bBharat _c2010 |
||
| 300 | _a1520 | ||
| 650 |
_aManagement _9241 |
||
| 942 | _cBK | ||
| 999 |
_c3615 _d3614 |
||